000 00495nam a2200181Ia 4500
003 OSt
005 20260128162544.0
008 210210b1945 xxu||||| |||| 00| 0 eng d
040 _cAL
041 _aKannada
082 _a853/408
100 _aVASUDEVACHARYA (K)
_9161839
_dವಾಸುದೇವಾಚಾರ್ಯ (ಕೆ)
245 _aNala damayanti:
_bನಳ ದಮಯಂತಿ
260 _aBagalakote
_b-
_c1945
690 _aKannada Drama
_9161840
906 _a019683
942 _2ddc
_cBK
999 _c143824
_d143824